Name that Geography Term - Statistics

General Stats
  • This quiz has been taken 16 times
  • The average score is 9 of 15
Answer Stats
Hint Answer % Correct
Area situated between hills or mountains Valley
93%
System of islands Archipelago
87%
Body of water surrounded entirely by land Lake
87%
Ring-shaped coral reef island Atoll
80%
Long, narrow sea inlet with steep sides or cliffs Fjord
67%
Large body of dense ice that forms from compacted snow Glacier
60%
Narrow strip of land surrounded by water, connecting two larger landmasses Isthmus
60%
Large, dense area of land covered with trees and shrubs Forest
53%
Piece of land that is surrounded by water on most sides while being connected to a larger landmass Peninsula
53%
Coastal body of water that connects directly to a larger main body, usually forming a broad curve in the shoreline Bay
47%
Body of water that penetrates deeply into land, typically surrounded on three sides Gulf
47%
Very small island Islet
47%
Natural stream of water that flows towards another body of water River
40%
Narrow natural waterway connecting two bodies of water Strait
27%
Distinct geographical region with specific climate, vegetation, animal life, and an ecosystem Biome
13%
No matching quizzes found
Score Distribution
Percent of People with Each Score
Percentile by Number Answered
Your Score History
You have not taken this quiz